LIBRARY & INFORMATION CENTRE, KCAET, TAVANUR

ONLINE PUBLIC ACCESS CATALOGUE (OPAC)

Basics of environmental science and engineering / (Record no. 13287)

MARC details
000 -LEADER
fixed length control field 00377cam a2200133ua 4500
003 - CONTROL NUMBER IDENTIFIER
control field OSt
008 - FIXED-LENGTH DATA ELEMENTS--GENERAL INFORMATION
fixed length control field 250909b |||||||| |||| 00| 0 eng d
082 ## - DEWEY DECIMAL CLASSIFICATION NUMBER
Classification number 628
Item number SIV/BA
100 ## - MAIN ENTRY--AUTHOR NAME
Personal name Sivashanmugham, P .
245 ## - TITLE STATEMENT
Title Basics of environmental science and engineering /
260 ## - PUBLICATION, DISTRIBUTION, ETC. (IMPRINT)
Place of publication New Delhi :
Name of publisher New India Publishing Agency ,
Year of publication 2007.
300 ## - PHYSICAL DESCRIPTION
Number of Pages 368 ;
Accompanying material CD.
942 ## - ADDED ENTRY ELEMENTS (KOHA)
Koha item type Books
Holdings
Withdrawn status Lost status Damaged status Home library Current library Date acquired Full call number Accession Number Koha item type Collection code Shelving location Source of acquisition Cost, normal purchase price
      KAUAET KAUAET 07/04/2012 628 SIV/BA 21583 Books        
      KAUAET KAUAET 31/03/2012 628 SIV/BA 23340 Books Non-fiction General Stacks Universal Research Books, Thrissur 990.00
free website counter